Tutta la pittura di Jan Van Eyck
Zapisane w:
| 1. autor: | |
|---|---|
| Format: | Książka |
| Język: | włoski |
| Wydane: |
Milán
Rizzoli
1954
|
| Wydanie: | 1a. ed |
| Hasła przedmiotowe: | |
| Etykiety: |
Dodaj etykietę
Nie ma etykietki, Dołącz pierwszą etykiete!
|
MARC
| LEADER | 00000cam a2200000 a 4500 | ||
|---|---|---|---|
| 001 | UCE2090 | ||
| 003 | CL-VaPUC | ||
| 008 | 140605e19540900it |||||||||||||||||ita|d | ||
| 082 | 0 | 4 | |a 759.9492 |b DEN |2 21 |
| 100 | 0 | |a Denis, Valentín |e author |9 574560 | |
| 245 | 1 | 0 | |a Tutta la pittura di Jan Van Eyck |
| 250 | |a 1a. ed | ||
| 300 | |a 61 p | ||
| 942 | |c BK | ||
| 945 | |d 20140605 14:22:00 |a dcastane | ||
| 260 | |a Milán |b Rizzoli |c 1954 | ||
| 650 | 7 | |a PINTORES HOLANDESES |2 CL-VaPUC |9 574561 | |
| 650 | 0 | |a Pintura holandesa |9 267860 | |
| 650 | 0 | |a Biografías |9 255210 | |
| 583 | |a last modification |c 20140605 14:22:00 |k Rodrigo Vera | ||
| 999 | |c 355759 |d 355757 | ||
| 952 | |0 0 |1 0 |3 erd |4 0 |6 759_949200000000000_DEN_1954 |7 0 |8 A |9 462617 |a BIBART |b BIBART |i 5056225 |o 759.9492 DEN 1954 |p 5056225 |r 2025-03-13 |w 2019-11-23 |y BK |z Catalogado en:20140605 |k ART | ||